banner-ar

شخصيات على الطريق / (Record no. 64820)

MARC details
000 -الفاتح
حقل البيانات ثابتة الطول 01139nam a22003377a 4500
005 - وقت وتاريخ اخر تعامل مع التسجيلة
رقم الضبط 20240530110753.0
008 - عناصر البيانات ثابتة الطول - معلومات عامة
حقل البيانات ثابتة الطول 181217s2017 ua c b 000 0 ara d
017 ## - رقم الايداع القانونى
رقم الايداع القانونى 2016/23497
المصدر ( الهيئة المختصة) مصر. دار الكتب
020 ## - الرقم الدولى المعيارى للكتب
الرقم الدولى المعيارى للكتاب 9789777950886
040 ## - مصدر الفهرسة
وكالة الفهرسة الأصلية EG-CaGPL
وكالة النسخ EG-CaGPL
082 04 - رقم تصنيف ديوى العشرى
رقم الطبعة 21
رقم التصنيف 920.7 /
رقم المادة م ش
100 0# - المدخل الرئيسى - إسم شخصى
الإسم الشخصى مصطفى الفقى
245 10 - بيان العنوان
العنوان شخصيات على الطريق /
بيان المسئوليه,etc مصطفى الفقى
250 ## - بيان الطبعة
بيان الطبعة ط.1
260 ## - PUBLICATION, DISTRIBUTION, ETC. (IMPRINT)
تاريخ النشر أو التوزيع 2017.
300 ## - الوصف المادى
التعداد 349 ص. :
تفاصيل ماديه اخرى للوعاء صور ؛
أبعاد الوعاء 19 سم.
504 ## - تبصرة ببليوجرافية
تبصرة ببليوجرافية,الخ يشتمل على ارجاعات ببليوجرافية
600 0# - المدخل الاضافى بالموضوع-اسم شخصى
الإسم الشخصى جيهان السادات
600 0# - المدخل الاضافى بالموضوع-اسم شخصى
الإسم الشخصى سناء البيسى
600 0# - المدخل الاضافى بالموضوع-اسم شخصى
الإسم الشخصى عائشة راتب
600 0# - المدخل الاضافى بالموضوع-اسم شخصى
الإسم الشخصى سعد الين وهبة
600 0# - المدخل الاضافى بالموضوع-اسم شخصى
الإسم الشخصى صلاح عبد الصبور
600 0# - المدخل الاضافى بالموضوع-اسم شخصى
الإسم الشخصى عاطف الطيب
600 0# - المدخل الاضافى بالموضوع-اسم شخصى
الإسم الشخصى خالد مشعل
650 07 - المدخل الاضافى بالموضوع-مصطلح موضوعى
مصدر الرأس أو المصطلح qrmak
مصطلح موضوعي التراجم
650 07 - المدخل الاضافى بالموضوع-مصطلح موضوعى
مصدر الرأس أو المصطلح qrmak
مصطلح موضوعي الرجال
التقسيم الفرعي الشكلي تراجم
650 07 - المدخل الاضافى بالموضوع-مصطلح موضوعى
مصدر الرأس أو المصطلح qrmak
مصطلح موضوعي النساء
التقسيم الفرعي الشكلي تراجم
651 ## - المدخل الاضافى بالموضوع - اسم جغرافى
مصدر الرأس أو المصطلح qrmak
942 ## - عناصر المدخل الإضافي( كوها)
مصدر التصنيف او مخطط الترفيف Dewey Decimal Classification
Koha [default] item type كتاب
260 ## - PUBLICATION, DISTRIBUTION, ETC. (IMPRINT)
-- القاهرة :
-- الدار المصرية اللبنانية ،
Holdings
حالة التراجع حالة الفقد حالة تلف ليس للاعارة المكان المؤقت الموقع الحالى موقع الترفيف تاريخ الاكتساب اجمالي اﻻعارات رقم الطلب الباركود تاريخ اخر مشاهدة تاريخ تفعيل السعر نوع وعاء كوها
        مكتبة القاهرة الكبرى مكتبة القاهرة الكبرى القاعة الرئيسية 12/17/2018   920.7 / م ش 165330 12/17/2018 12/17/2018 كتاب

Powered By

EGPV